Iron-sulfur protein research / (Record no. 16549)

000 -LEADER
fixed length control field 00495nam a2200169Ia 4500
020 ## - INTERNATIONAL STANDARD BOOK NUMBER
ISBN 4762294926
040 ## - CATALOGING SOURCE
Transcribing agency HNI
082 ## - DEWEY DECIMAL CLASSIFICATION NUMBER
Classification number 574 JAP 1987 A109 Or.
245 00 - TITLE STATEMENT
Title Iron-sulfur protein research /
260 0# - PUBLICATION, DISTRIBUTION, ETC. (IMPRINT)
Place of publication Toyko :
Name of publisher Japan Scientific Societies Press ;
Place of publication Berlin ;
-- New York :
Name of publisher Springer-Verlag,
Year of publication c1987
300 ## - PHYSICAL DESCRIPTION
Number of Pages xi, 329 p. :
Other physical details ill. ;
Dimensions 24 cm
650 #0 - SUBJECT ADDED ENTRY--TOPICAL TERM
Topical Term Iron-sulfur proteins
700 10 - ADDED ENTRY--PERSONAL NAME
Personal name Matsubara, Hiroshi,
700 10 - ADDED ENTRY--PERSONAL NAME
Personal name Katsube, Yuriteru
700 10 - ADDED ENTRY--PERSONAL NAME
Personal name Wade, Keishiro
942 ## - ADDED ENTRY ELEMENTS (KOHA)
Koha item type សៀវភៅភាសាអង់គ្លេស
952 ## - LOCATION AND ITEM INFORMATION (KOHA)
Withdrawn status [LOCAL, KOHA] 0
Holdings
Permanent Location Date acquired Koha item type Lost status Shelving location Barcode Current Location Full call number
Library Block A2018-03-05សៀវភៅភាសាអង់គ្លេស A008A17263Library Block A574 JAP 1987 A008 Or.
មជ្ឈមណ្ឌលឯការនៃសាកលវិទ្យាល័យភូមិន្ទកសិកម្មចំការដូង

Powered by Koha